| 000 | 00724nam a22002177a 4500 | ||
|---|---|---|---|
| 999 |
_c10876 _d10876 |
||
| 003 | AR-CdUCM | ||
| 008 | 190402b ||||| |||| 00| 0 spa d | ||
| 040 |
_aMUNICIPALIDAD PROVINCIAL DEL CUSCO _cBIBLIOTECA MUNICIPAL DEL CUSCO |
||
| 082 |
_a220.55 / _bV21 / 1898 |
||
| 100 |
_aValera, Cipriano de _927927 |
||
| 245 |
_aLa Santa biblia que contiene : _bEl antiguo y el nuevo testamento / |
||
| 260 |
_aNueva York : _bSociedad bíblica americana, _c1898. |
||
| 300 |
_a1070 paginas ; _c18 cm. |
||
| 505 | _aContenido : La santa biblia | ||
| 650 |
_aBiblia _94856 |
||
| 650 |
_aAntiguo y nuevo testamento _927928 |
||
| 650 |
_aPalabra de Dios _94532 |
||
| 650 |
_aApóstoles _927929 |
||
| 942 |
_2ddc _cLIBROS |
||
| 945 | _awnts | ||